Statistics for Marvel Villains Starting with J (by picture)

Click here to take the quiz!

General Stats

  • This quiz has been taken 14 times
  • The average score is 5 of 7

Answer Stats

Answer% Correct
Jack O'Lantern
100%
Juggernaut
100%
Jackal
90%
Jester
90%
Jigsaw
90%
Joystick
30%
Jetstream
20%

Score Distribution

Percentile by Number Answered

Percent of People with Each Score

Your Score History

You have not taken this quiz